[Event "Magnus Carlsen Invitational 2021"]
[Site "Online"]
[Date "2021.03.10"]
[Round "10.6"]
[White "So, Wesley"]
[Black "Vachier-Lagrave, Maxime"]
[Result "1/2-1/2"]
[WhiteElo "2741"]
[BlackElo "2860"]
[Annotator "TA"]
[PlyCount "69"]
[EventDate "2021.03.13"]
[EventType "tourn"]
[EventCountry "NET"]
[SourceTitle "playchess.com"]
[Source "ChessBase"]
[SourceQuality "1"]

{[%evp 20,69,0,12,9,7,0,0,2,3,8,0,0,0,0,0,4,4,4,4,4,4,4,7,10,7,6,0,0,0,0,0,0,0,0,0,0,0,0,0,0,-15,0,0,0,0,0,0,0,0,0,-8]} 1. d4 d5 2. c4 c6 3. cxd5 cxd5 4. Nc3 Nf6 5. Nf3 Nc6 6. Bf4 Bf5 7. e3 e6 8. Qb3 Bb4 9. Bb5 O-O 10. Bxc6 {is the new trend.} Bxc3+ 11. Qxc3 {The position is equal.} Rc8 {[%mdl 64] [#] Pin. D14: Slav Defence: Exchange variation with ...Bf5.} 12. Ne5 $1 bxc6 13. f3 {[#]} c5 $146 ({Predecessor:} 13... Nh5 14. Bg3 Nxg3 15. hxg3 f6 16. Nd3 Bxd3 17. Qxd3 f5 18. Qa3 Qc7 19. f4 c5 20. dxc5 Qxc5 21. Qxc5 Rxc5 {½-½ (38) Akobian,V (2625)-Bu,X (2721) Douglas 2019}) 14. dxc5 {Threatens to win with g4.} Nh5 $1 15. Bg3 f6 16. Nd3 Bxd3 17. Qxd3 {[#] Hoping for Bd6.} Qa5+ 18. Qd2 Qxd2+ ({But not} 18... Rxc5 $2 19. b4 $18) 19. Kxd2 {Black must now prevent Bd6.} Nxg3 20. hxg3 {next b4 is good for White.} Rxc5 $11 {[%mdl 4096] Endgame KRR-KRR} 21. Rhc1 Rfc8 22. Rxc5 Rxc5 {KR-KR} 23. g4 Kf7 24. b4 Rc4 25. Rb1 Ke7 26. Rb3 Kd6 27. Ra3 {With the idea Ra6+.} Rxb4 28. Rxa7 Rb2+ 29. Kd3 Rxg2 (29... e5 {feels hotter.} 30. a4 Rxg2 31. a5 e4+ 32. fxe4 Rxg4 33. exd5 Kxd5 34. a6 Kc6) 30. Rxg7 Rxa2 (30... h5 {looks sharper.} 31. a4 e5 32. Rg6 hxg4 33. Rxf6+ Ke7) 31. Rxh7 Ra3+ 32. Ke2 Ra2+ 33. Kd3 Ra3+ 34. Ke2 Ra2+ 35. Kd3 {A rather calm draw.  Weighted Error Value: White=0.01/Black=0.01} 1/2-1/2

[Event "Magnus Carlsen Invitational 2021"]
[Site "Online"]
[Date "2021.03.10"]
[Round "10.7"]
[White "Aronian, Levon"]
[Black "Van Foreest, Jorden"]
[Result "1-0"]
[WhiteElo "2778"]
[BlackElo "2543"]
[Annotator "TA"]
[PlyCount "131"]
[EventDate "2021.03.13"]
[EventType "tourn"]
[EventCountry "NET"]
[SourceTitle "playchess.com"]
[Source "ChessBase"]
[SourceQuality "1"]

{[%evp 12,130,14,9,15,8,16,14,11,12,12,6,20,10,12,0,0,0,27,-16,6,-52,-52,-55,-56,-53,-43,-56,-52,-59,-69,-166,-166,-166,-166,-166,-166,-166,-165,-165,-165,-165,-165,-165,-165,-165,-165,-181,-181,-181,-166,-280,-274,-283,-264,-266,-263,-276,-270,-277,-271,-281,-273,-282,-282,-282,-275,-282,-264,-282,-282,-282,-268,-261,-268,-259,-248,-301,-275,-275,-254,-275,-275,-270,-242,-259,-258,-299,-283,-299,-143,-276,-239,-286,-172,-795,-766,-725,-675,-545,-545,-476,-445,-1224,-1362,-1355,-1265,-1183,-769,-760,-620,-709,-627,-465,0,-1266,-1262,-1078,29998,29999,29999]} 1. e4 e5 2. Nf3 Nc6 3. Bc4 Bc5 4. c3 Nf6 5. d3 d6 6. O-O O-O 7. h3 {7.Re1 is becoming the main line.} a5 {C54: Giuoco Piano: 4 c3 Nf6, main lines with 5 d4 and 5 d3.} 8. Re1 Be6 9. Bxe6 fxe6 {The position is equal.} 10. Be3 Bxe3 11. Rxe3 {[#]} d5 $146 ({Predecessor:} 11... a4 12. Nbd2 Nd7 13. Rc1 b5 14. d4 Qb8 15. Nf1 Qb6 16. N1h2 exd4 17. cxd4 e5 18. dxe5 Ncxe5 {½-½ (23) Gueci,A (2486)-Hrubcik,M (2406) ICCF email 2017}) 12. Nbd2 d4 13. cxd4 exd4 14. Re1 a4 15. Rc1 (15. b4 $5) 15... Nb4 16. Nc4 ({White should play} 16. Ne5 $11) 16... Nxa2 $15 17. Ra1 Nb4 18. Rxa4 Rxa4 19. Qxa4 Nxd3 20. Rd1 Nf4 21. Nxd4 ({Better is} 21. Ncd2 $15) 21... Nxe4 $19 22. Nf3 Qf6 23. Nce5 Ng5 24. Qb3 Nxf3+ $40 {[%mdl 128] Black goes for the king.} 25. Nxf3 {[#]} Nxh3+ $1 {[%mdl 576] Deflection} 26. gxh3 Qxf3 27. Qxe6+ {[%mdl 4096] Endgame KQR-KQR} Kh8 28. Rd2 h6 29. Re2 Rf5 {( -> ...Rg5+)} 30. Kh2 Qf4+ 31. Kg2 {[#]} (31. Kh1 $142) 31... Rg5+ $1 32. Kf1 Qc1+ 33. Re1 Qxb2 34. Qe8+ Kh7 35. Qe4+ {[#]} Rg6 $1 36. Qd3 Qf6 37. Rc1 c6 38. Rc4 Qa1+ 39. Ke2 Qb2+ 40. Kf1 Qb5 41. h4 h5 42. Ke2 Qe5+ 43. Kf1 c5 44. Ra4 Qd6 45. Qf3 Qd7 {Hoping for ...Qb5+.} 46. Rc4 b6 47. Qxh5+ Rh6 48. Qf3 Rf6 49. Qh5+ Kg8 50. Rc3 Qf5 (50... c4 $19 51. Qe2 b5) 51. Qe2 (51. Qxf5 $17 Rxf5 52. Rb3) 51... Re6 52. Re3 {[#]} Qd5 {[%cal Rd5h1][%mdl 512]} 53. Kg1 (53. Qd3 Qxd3+ 54. Rxd3) 53... Rg6+ 54. Rg3 Rxg3+ 55. fxg3 {KQ-KQ} c4 56. h5 Kh7 57. Qg4 (57. g4 $142 Qd3 58. Qe5 Qd1+ 59. Kf2 Qxg4 60. Ke1) 57... Qd3 58. h6 Kxh6 59. Qe6+ Kh7 60. Qh3+ Kg6 {Threatens to win with ...Qe3+.} 61. Qe6+ Kg5 62. Qe5+ Kh6 (62... Kg4 $142 63. Qf4+ Kh5 64. Qe5+ Kh6) 63. Qe6+ g6 64. Qe5 Qf5 $4 {[%mdl 8192]} (64... c3 $19 65. Qh8+ Kg5 66. Qe5+ Qf5 67. Qe7+ Kh6 68. Qh4+ Kg7 69. Qd4+ Qf6 70. Qd7+ Kh6 71. Qh3+ Kg5 72. Qh4+ Kf5 73. Qf4+ Ke6 74. Qc4+ Kd6) 65. Qh8+ Kg5 66. Qh4# {Never resign too early!  Weighted Error Value: White=0.33/Black=0.33} 1-0

[Event "Magnus Carlsen Invitational 2021"]
[Site "Online"]
[Date "2021.03.10"]
[Round "11.2"]
[White "Van Foreest, Jorden"]
[Black "Dubov, Daniil"]
[Result "1-0"]
[WhiteElo "2543"]
[BlackElo "2770"]
[Annotator "TA"]
[PlyCount "115"]
[EventDate "2021.03.13"]
[EventType "tourn"]
[EventCountry "NET"]
[SourceTitle "playchess.com"]
[Source "ChessBase"]
[SourceQuality "1"]

{[%evp 15,115,20,27,35,20,0,0,20,46,46,48,52,50,52,47,49,97,74,94,68,70,72,79,83,87,66,67,72,99,79,110,104,180,171,142,141,156,127,122,121,209,155,148,148,156,181,164,151,288,285,285,282,372,347,374,393,449,450,405,376,376,384,431,425,414,413,612,588,606,549,581,572,701,666,731,721,837,837,823,817,718,604,704,699,788,763,943,940,825,714,1141,662,916,629,594,568,6436,5933,4722,792,29974,29971]} 1. e4 e5 2. Nf3 Nc6 3. Bc4 Nf6 4. d3 Be7 5. O-O d6 6. a4 O-O 7. Re1 Be6 8. a5 a6 9. Nc3 {[%cal Bb1c3,Bc3e4,Be4g3][%mdl 32] [#] C55: Two Knights: 4 d3, 4 d4 exd4 5 e5 and Max Lange Attack.} Nxe4 $146 {[%mdl 64] [#] Remove Defender, Decoy} ({Predecessor:} 9... Qd7 10. h3 Rfe8 11. Ng5 Bxc4 12. dxc4 Bf8 13. Nf3 h6 14. Nd5 Qd8 15. b3 g6 16. Nh2 Nxd5 17. cxd5 {½-½ (36) Xu,Y (2534)-Wang,H (2710) Tianjin 2018}) 10. Nxe4 {Hoping for Bxe6.} d5 {[%mdl 64] Double Attack} 11. Nfg5 {The position is equal.} Bf5 12. Ng3 {Bxd5 is the strong threat.} Bg6 13. Ba2 {[#] Threatens to win with h4.} Bxg5 14. Bxg5 Qxg5 15. Bxd5 Rfe8 16. Ra4 Qf6 17. h4 Rad8 18. Qf3 Qxf3 19. Bxf3 f6 20. Rc4 e4 21. dxe4 ({But not} 21. Nxe4 $2 f5 $19) 21... Re5 22. Ra1 Rd7 23. Bg4 Rd4 (23... Rd8 $16) 24. Rxd4 $18 Nxd4 25. Rd1 Nxc2 26. Rc1 Nd4 27. Rxc7 h5 (27... Kf8 $16 {keeps fighting.} 28. h5 (28. Rxb7 Rxa5 29. h5 Ra1+ 30. Kh2 Be8 $16) 28... Be8 29. Rxb7 Rxa5) 28. Bc8 Rxa5 29. Bxb7 Kh7 30. Bd5 f5 31. Rc4 f4 (31... Ra1+ $16 {was necessary.} 32. Kh2 Rd1) 32. Rxd4 fxg3 33. fxg3 {[%mdl 4096] Endgame KRB-KRB} Ra1+ 34. Kf2 Rc1 35. Rb4 Be8 36. Rb8 Bb5 37. Bg8+ Kh6 38. Ke3 g5 39. Bd5 gxh4 40. gxh4 Rc2 (40... Rh1 $142 41. e5 Kg7 42. Rg8+ Kh7) 41. b3 Kg7 42. g3 Kf6 {If Black can now play ...Ke5 this consolidates a bit.} 43. Rb6+ Ke7 44. Kf4 Rc3 45. Rg6 a5 46. Ke5 Be8 47. Rg7+ Kf8 48. Rg8+ Ke7 49. Kd4 Rc1 50. Rg7+ Kf6 51. Ra7 Rd1+ 52. Kc5 Rd3 53. e5+ Kf5 54. e6 Ke5 55. Bc4 Rxg3 56. Ra8 Bg6 57. e7 (57. Rg8 $142 Kf6 58. Kd6) 57... Rg4 58. Rg8 {Weighted Error Value: White=0.09/Black=0.29} 1-0

[Event "Magnus Carlsen Invitational 2021"]
[Site "Online"]
[Date "2021.03.10"]
[Round "11.3"]
[White "Vachier-Lagrave, Maxime"]
[Black "Aronian, Levon"]
[Result "1/2-1/2"]
[WhiteElo "2860"]
[BlackElo "2778"]
[Annotator "TA"]
[PlyCount "67"]
[EventDate "2021.03.13"]
[EventType "tourn"]
[EventCountry "NET"]
[SourceTitle "playchess.com"]
[Source "ChessBase"]
[SourceQuality "1"]

{[%evp 15,67,-5,-6,-33,-16,-20,-14,-17,-13,-19,0,-49,-14,-29,-28,-28,0,-28,0,-27,6,-28,0,0,0,-29,-6,-21,-17,-16,0,-15,0,-14,-10,-16,0,0,0,-6,0,0,0,0,0,0,0,0,0,0,0,0,0,-14]} 1. d4 Nf6 2. Nf3 d5 3. Bf4 c5 4. c3 e6 5. e3 Bd6 6. Bg3 Qc7 7. Nbd2 Nbd7 8. Bd3 O-O 9. e4 {[#] aiming for e5. D02: 1 d4 d5 2 Nf3 sidelines, including 2...Nf6 3 g3 and 2...Nf6 3 Bf4.} dxe4 10. Nxe4 Nxe4 11. Bxe4 Nf6 12. Bc2 Rd8 13. Qe2 b6 14. O-O-O Bxg3 15. hxg3 Bb7 16. Rh4 h6 {[#]} 17. Qe3 $146 ({Predecessor:} 17. Rdh1 cxd4 18. Nxd4 Bxg2 19. R1h2 Bd5 20. Qe3 Kf8 21. f4 Rac8 22. g4 g6 23. Rf2 Kg7 24. g5 hxg5 25. fxg5 Nh5 26. Nf3 Bxf3 27. Qxf3 Qe7 {½-½ (27) Hankel,D (2131)-Bischoff,U (1961) Frankfurt 2019}) 17... Bxf3 18. Qxf3 {With the idea Rxh6!} cxd4 19. Rhxd4 Rac8 20. Kb1 Kf8 21. a4 {The position is equal.} Rxd4 22. Rxd4 Ke7 23. Bd3 Qc6 (23... Rd8 {with more complications.} 24. Rxd8 Qxd8 25. Kc2 h5 26. Qb7+ Qd7) 24. Qxc6 (24. Kc2 {seems wilder.} Qxf3 25. gxf3 h5 26. Kd2 e5 27. Rb4) 24... Rxc6 $11 {[%mdl 4096] Endgame KRB-KRN} 25. Kc2 a5 26. Kd2 h5 (26... Rc5 {feels hotter.} 27. Be2 Rf5 28. f4 g5 29. Rc4 Kd6) 27. Rc4 Rxc4 28. Bxc4 {KB-KN} g6 29. Bb5 Kd6 30. Ke3 Ng4+ 31. Ke2 Nf6 32. Ke3 Ng4+ 33. Ke2 Nf6 34. Ke3 {Not much happened in this game.  Weighted Error Value: White=0.13/Black=0.10} 1/2-1/2

[Event "Magnus Carlsen Invitational 2021"]
[Site "Online"]
[Date "2021.03.10"]
[Round "11.4"]
[White "Firouzja, Alireza"]
[Black "So, Wesley"]
[Result "1/2-1/2"]
[WhiteElo "2703"]
[BlackElo "2741"]
[Annotator "TA"]
[PlyCount "68"]
[EventDate "2021.03.13"]
[EventType "tourn"]
[EventCountry "NET"]
[SourceTitle "playchess.com"]
[Source "ChessBase"]
[SourceQuality "1"]

{[%evp 9,68,0,0,0,0,0,0,0,0,-14,-12,-15,-12,-11,-7,-26,-14,-26,-36,-36,-57,-40,-34,-34,-37,-37,-46,-49,-18,-26,-47,-43,-40,-102,-21,-107,-109,-103,-99,-100,-118,-167,-149,-260,-255,-427,-474,-452,-213,-224,-202,-254,-206,-212,0,0,0,-211,0,0,0]} 1. d4 Nf6 2. Nf3 d5 3. Bf4 (3. e3 c5 4. dxc5 e6 5. b4 a5 6. c3 axb4 7. cxb4 b6 8. Bb5+ Bd7 9. Bxd7+ Nbxd7 10. a4 bxc5 11. b5 Bd6 12. Bb2 O-O 13. O-O Qc7 14. Nbd2 c4 15. Bc3 e5 16. a5 e4 17. b6 Qb8 18. Nd4 Bxh2+ 19. Kh1 Be5 20. Nc6 Qd6 21. Nxe5 Nxe5 {1-0 (35) Firouzja,A (2749)-So,W (2770) chess24.com INT 2020}) 3... c5 4. e3 Nc6 5. Nbd2 Qb6 6. dxc5 {D02: 1 d4 d5 2 Nf3 sidelines, including 2...Nf6 3 g3 and 2...Nf6 3 Bf4.} Qxb2 7. Rb1 Qc3 8. Bb5 e6 9. O-O Be7 10. e4 {Black must now prevent exd5.} O-O 11. e5 Nd7 12. Nb3 {Strongly threatening Bd2.} Qb4 {[%cal Rb4b5][%mdl 64] Double Attack} (12... Ndxe5 $2 13. Nxe5 Nxe5 14. Bd2 $18) (12... Nxc5 $2 13. Bd2 $18) (12... Ncxe5 $2 13. Nxe5 Nxc5 14. Nxc5 $18) 13. Nfd4 Nxd4 $1 ({But not} 13... Ndxe5 $6 14. c3 $16) ({Worse is} 13... Nxc5 14. Bd2 $1 $16) (13... Ncxe5 $2 14. c3 $18) 14. Nxd4 Qxc5 15. Re1 {[#]} a6 $146 ({Predecessor:} 15... Rd8 16. h4 Bxh4 17. Rb3 Nf8 18. Rh3 Be7 19. Bd3 g6 20. Nf3 Bd7 21. Bg5 Bxg5 22. Nxg5 {1-0 (31) Berkes,F (2661)-Forcen Esteban,D (2556) Linares 2020}) 16. Bd3 g6 17. Nf3 b5 18. h4 Bb7 19. Ng5 Bxg5 20. Bxg5 d4 21. f4 ({Better is} 21. Qe2 $15) 21... Qc6 (21... Bd5 $17 22. Ra1 Rfc8) 22. Qg4 (22. Be4 $11 {keeps the balance.} Qc7 23. Bxb7 (23. Qxd4 Bxe4 24. Rxe4 Qxc2 $17) 23... Qxb7 24. Rb4) 22... h5 $17 23. Qg3 Nc5 $1 24. Bf6 Kh7 25. Bf1 Ne4 26. Rxe4 (26. Qd3 $17) 26... Qxe4 $19 27. Re1 $2 (27. Bd3 {was called for.} Qe3+ 28. Qxe3 dxe3 29. a3) 27... Qxc2 28. Bd3 Qxa2 (28... Qc3 $142 {Threatens to win with ...Rac8.} 29. Kh2 Bd5) 29. Re2 Qa1+ 30. Kh2 {[#] White threatens Qg5 and mate.} Qd1 $1 31. Re1 Qd2 32. Re2 Qd1 33. Re1 {[#]} Qd2 (33... Qg4 $1 $19 {[%cal Rg4g3]} 34. Qxg4 hxg4) 34. Re2 $11 Qd1 $1 {Weighted Error Value: White=0.20/Black=0.28} 1/2-1/2

[Event "Magnus Carlsen Invitational 2021"]
[Site "Online"]
[Date "2021.03.10"]
[Round "11.5"]
[White "Carlsen, Magnus"]
[Black "Pichot, Alan"]
[Result "1-0"]
[WhiteElo "2881"]
[BlackElo "2548"]
[Annotator "TA"]
[PlyCount "83"]
[EventDate "2021.03.13"]
[EventType "tourn"]
[EventCountry "NET"]
[SourceTitle "playchess.com"]
[Source "ChessBase"]
[SourceQuality "1"]

{[%evp 24,83,53,47,62,66,65,59,66,65,54,67,63,62,77,35,43,43,71,64,65,75,73,27,52,0,0,0,30,36,63,51,43,36,31,41,116,112,112,112,187,180,386,362,425,384,511,507,602,595,673,666,737,729,1283,1220,2262,2312,29975,29976,29972,5608]} 1. e4 c5 2. Nf3 e6 3. d4 cxd4 4. Nxd4 Nc6 5. Nc3 Qc7 6. g3 a6 7. Bg2 Nf6 8. O-O Nxd4 9. Qxd4 Bc5 10. Bf4 d6 11. Qd2 h6 12. Rad1 e5 13. Be3 Bxe3 {B47: Sicilian: Taimanov: 5 Nc3 Qc7 6 f4, 6 g3 and 6 Be2.} 14. fxe3 Be6 15. Qxd6 Rc8 {White is slightly better.} 16. Rf2 {[#]} Qxd6 $146 ({Predecessor:} 16... Ng4 17. Qxc7 Rxc7 18. Rfd2 Ke7 19. Nd5+ Bxd5 20. exd5 Kd6 21. Re2 Rhc8 22. c3 b5 {½-½ (30) Faerber,D (2321)-Richter,N (2290) Willingen 2020}) 17. Rxd6 Rxc3 18. bxc3 {Strongly threatening Rb6.} Nd7 19. a4 Ke7 20. Rd1 Rc8 21. Rb1 b6 22. Bf1 a5 23. Ba6 Rxc3 24. Bb7 (24. Rd2 $14) 24... Kd6 $11 25. Rd1+ Ke7 (25... Kc7 $5 {[%cal Rc7b7]} 26. Bd5 Bxd5 27. Rxd5 (27. exd5 f6 $11) 27... f6 $11) 26. Rfd2 Nc5 27. Bc6 Rxe3 28. Rb1 $36 {[%mdl 2048] White has some pressure.} Nxe4 29. Rd3 Rxd3 (29... Nc3 $14 30. Rxe3 Nxb1) 30. cxd3 $14 {[%mdl 4096] Endgame KRB-KBN} Nc5 31. Rxb6 Nxd3 {[#]} (31... Bb3 $16 32. Bb5 f6) 32. Ra6 $1 $18 f5 $2 (32... Nb4 33. Ra7+ Kd6) 33. Rxa5 e4 34. Bb5 Nb4 35. Ra7+ Kf6 36. a5 {[%cal Ba4a5,Ba5a6,Ba6a7][%mdl 32]} g5 37. a6 f4 38. Rh7 Bd5 39. Rxh6+ Ke5 40. gxf4+ gxf4 41. a7 Bb7 42. Rb6 {Weighted Error Value: White=0.06/Black=0.61} 1-0

[Event "Magnus Carlsen Invitational 2021"]
[Site "Online"]
[Date "2021.03.10"]
[Round "11.6"]
[White "Anton Guijarro, David"]
[Black "Radjabov, Teimour"]
[Result "0-1"]
[WhiteElo "2674"]
[BlackElo "2758"]
[Annotator "TA"]
[PlyCount "48"]
[EventDate "2021.03.13"]
[EventType "tourn"]
[EventCountry "NET"]
[SourceTitle "playchess.com"]
[Source "ChessBase"]
[SourceQuality "1"]

{[%evp 9,48,54,38,25,12,-1,-12,-36,0,-3,-6,-35,-25,-46,-4,-56,-46,-62,-36,-146,-156,-244,-237,-236,-185,-222,-229,-227,-225,-199,-203,-715,-712,-872,-757,-837,-819,-830,-828,-809,-791]} 1. Nf3 Nf6 2. b3 b6 3. g3 Bb7 4. Bg2 e5 5. c4 e4 6. Nd4 {[#] A05: Réti Opening: 1 Nf3 Nf6.} d5 $146 ({Predecessor:} 6... g6 7. Bb2 Bg7 8. Nc2 O-O 9. O-O c6 10. d3 d5 11. Nc3 Re8 12. Rb1 dxc4 13. dxc4 {½-½ (37) Mundorf,J (1903)-Grochal,J (2124) Vlissingen 2010}) 7. cxd5 Qxd5 8. Nc2 {The position is equal.} Nbd7 9. Nc3 Qh5 10. Ne3 O-O-O 11. Qc2 Bc5 12. Bb2 (12. Rb1 $11) 12... Rhe8 13. Rc1 Kb8 $36 {[%mdl 2048] Black has some pressure.} 14. h3 (14. O-O $15) 14... Ne5 $17 15. Kf1 {[#]} (15. Na4 $17 Nd3+ 16. exd3 exd3 17. Qd1 Bxe3 18. fxe3 Bxg2 19. Qxh5 Nxh5 20. Rg1 Rxe3+ 21. dxe3 d2+ {[%mdl 64] Double Attack} 22. Kd1 dxc1=N+ 23. Kxc1 Bxh3 24. g4) 15... Nf3 $1 $19 {[%mdl 512]} 16. Nb1 ({Not} 16. exf3 $2 exf3 17. Rh2 fxg2+ 18. Kg1 Ne4 $19) 16... Ba6 {Strongly threatening ...Bxe2+!} 17. g4 {[#]} Qg5 18. b4 Bxe3 ({Much less strong is} 18... Bxb4 19. Qxc7+ Ka8 20. d3 $17) 19. dxe3 ({Wrong is} 19. Qxc7+ $2 Ka8 $19) 19... Nd5 20. h4 $2 (20. a4 Nxb4 21. Qxc7+ {[%mdl 64] Double Attack} Ka8 22. Nc3) 20... Qxg4 {Black is clearly winning.} 21. Rh3 Nxh4 22. Rg3 {[#]} Nxe3+ $1 {[%mdl 512]} 23. Kg1 {[#]} Qxg3 $1 {[%mdl 512]} 24. fxg3 Nxc2 {Weighted Error Value: White=0.65/Black=0.13} 0-1

[Event "Magnus Carlsen Invitational 2021"]
[Site "Online"]
[Date "2021.03.10"]
[Round "11.7"]
[White "Grandelius, Nils"]
[Black "Karjakin, Sergey"]
[Result "0-1"]
[WhiteElo "2632"]
[BlackElo "2709"]
[Annotator "TA"]
[PlyCount "92"]
[EventDate "2021.03.13"]
[EventType "tourn"]
[EventCountry "NET"]
[SourceTitle "playchess.com"]
[Source "ChessBase"]
[SourceQuality "1"]

{[%evp 24,92,37,19,93,0,41,0,22,0,18,10,34,33,13,8,25,14,23,10,67,70,82,87,94,64,60,16,37,-377,-133,-177,-29,-84,0,0,0,0,0,-515,-540,-501,-496,-489,-489,-476,-485,-485,-480,-415,-443,-481,-478,-468,-454,-482,-482,-402,-426,-570,-544,-497,-331,-709,-653,-29982,-29983,-29984,-29984,-29984,-29985]} 1. e4 {Finkel,A} e5 2. Nf3 Nc6 3. Bb5 a6 4. Ba4 Nf6 5. O-O Be7 6. d3 b5 7. Bb3 d6 8. c3 O-O 9. a4 b4 10. a5 Rb8 11. Nbd2 Be6 12. Nc4 h6 13. Re1 Qc8 {[#] C88: Closed Ruy Lopez: Anti-Marshall Systems.} (13... Na7 $11 {keeps the balance.}) 14. h3 $146 (14. d4 $1 $16 {[%cal Rd4d5]}) ({Predecessor:} 14. d4 Bg4 15. Ba4 Qb7 16. d5 Na7 17. Ne3 Bc8 18. Qd3 Ng4 19. c4 Nxe3 20. Bxe3 {½-½ (36) Leko,P (2763)-Svidler,P (2738) San Luis 2005 CBM 110 [Finkel,A]}) 14... Rd8 15. Bc2 Bf8 {The position is equal.} 16. Qe2 b3 17. Bb1 Rb5 18. Be3 Re8 19. d4 exd4 20. Nxd4 Nxd4 21. Bxd4 Bxh3 (21... Nh5 $1 $11) 22. Bxf6 $14 gxf6 23. gxh3 Qxh3 {( -> ...Rg5+)} 24. f4 {Hoping for Qg2+.} Kh8 $1 25. Qg2 Qh4 {[%cal Rh4e1]} 26. Re3 {[%mdl 8192] [#]} (26. Kf1 $1 $14 {was forced to keep a grip.}) 26... d5 $2 (26... Rh5 $1 $19 {and Black stays clearly on top. Threatens to win with ...d5.} 27. Kf1 d5) 27. Rh3 (27. exd5 $2 Bc5 $19) 27... Qe1+ ({Black should try} 27... Qxf4 $19 28. Ne3 dxe4) 28. Kh2 $1 $11 {aiming for e5.} dxc4 ({Better is} 28... dxe4 $17 {And now ...Rd5 would win.} 29. Ne3 Rg5) 29. e5 $1 Rbxe5 30. fxe5 Qxe5+ (30... Rxe5 $5 31. Bh7 $8 Qe2 $11) 31. Qg3 $2 {[%mdl 8192] Black keeps a firm grip on the game.} (31. Kh1 $11) 31... Qe2+ $19 {[%mdl 64] Double Attack} 32. Qg2 {Black must now prevent Qxe2.} Bd6+ 33. Kh1 {[%cal Rh3h6]} Qd1+ 34. Qg1 {[%cal Rh3h6]} Qd5+ 35. Be4 Qxe4+ 36. Qg2 Qxg2+ 37. Kxg2 {[%mdl 4096] Endgame KRR-KRB} Re2+ {[%mdl 64] Double Attack} 38. Kf3 Rxb2 39. Rxh6+ Kg7 40. Rh4 Rc2 41. Rxc4 b2 42. Rb1 Ba3 {Strongly threatening ...f5.} 43. Rg1+ $2 (43. Rg4+ Kf8 44. Rg2 Rxc3+ 45. Ke4) 43... Kf8 {...Rc1! is the strong threat.} 44. Rxc7 Rc1 {Black mates.} 45. Rc8+ Ke7 46. Rgg8 b1=Q {Weighted Error Value: White=0.95/Black=0.36} 0-1

[Event "Magnus Carlsen Invitational 2021"]
[Site "Online"]
[Date "2021.03.10"]
[Round "11.8"]
[White "Mamedyarov, Shakhriyar"]
[Black "Nepomniachtchi, Ian"]
[Result "0-1"]
[WhiteElo "2761"]
[BlackElo "2778"]
[Annotator "TA"]
[PlyCount "114"]
[EventDate "2021.03.13"]
[EventType "tourn"]
[EventCountry "NET"]
[SourceTitle "playchess.com"]
[Source "ChessBase"]
[SourceQuality "1"]

{[%evp 22,114,0,0,0,-8,0,0,8,0,0,0,0,0,16,-26,-37,-34,-35,-28,-31,-83,-83,-84,-85,-85,-85,-85,-85,-85,-82,-91,-91,-92,-92,-92,-92,-100,-100,-100,-100,-100,-93,-93,-93,-93,-93,-93,-93,-93,-81,-81,-81,-95,-96,-112,-77,-102,-80,-80,-80,-81,-66,-101,-101,-101,-97,-98,-98,-98,-98,-98,-98,-98,-98,-98,-98,-12816,-12819,-6287,-7163,-12833,-12833,-12839,-12839,-12840,-12840,-12841,-12842,-12842,-12843,-12843,-12843,-12844,-12844]} 1. e4 c5 2. c3 d5 3. exd5 Qxd5 4. d4 Nc6 5. Nf3 Nf6 6. Be2 cxd4 7. cxd4 e6 8. Nc3 Qd6 9. O-O Be7 10. Bg5 O-O 11. Qd2 b6 12. Rad1 Bb7 {B22: Sicilian: 2 c3.} 13. Rfe1 Rad8 {[#]} 14. Bf4 $146 ({Predecessor:} 14. a3 Qb8 15. Qe3 Rfe8 16. Bc4 Qa8 17. Qf4 Na5 18. Be2 Nd5 19. Qg3 Bxg5 20. Nxg5 {1-0 (30) Somlai,L (2348)-Szegi,T (2261) Hungary 2010}) 14... Qd7 {The position is equal.} 15. a3 Qc8 16. Bd3 Na5 17. Qe2 Qa8 18. b4 Bxf3 19. Qxf3 Qxf3 20. gxf3 Nc6 21. d5 (21. Be3 $15) 21... Nxd5 $17 22. Nxd5 Rxd5 23. Be4 Rxd1 24. Rxd1 {[#]} Rd8 $1 25. Rxd8+ Nxd8 {[%mdl 4096] Endgame KBB-KBN} 26. Bc7 f5 27. Bxd8 Bxd8 {KB-KB} 28. Bd3 Be7 29. h3 Kf7 30. Kf1 Kf6 31. Bc4 e5 32. Bg8 h6 33. Bc4 Kg5 34. Ba6 Kf4 35. Ke2 e4 36. fxe4 Kxe4 37. Bd3+ Kf4 38. Bc4 Ke5 39. Kd3 g5 40. f3 Kf4 41. Be6 b5 42. Ke2 Bf6 43. Bd7 Bb2 44. a4 bxa4 45. Bxa4 Ba3 46. b5 Kg3 47. Bc2 f4 48. Bf5 h5 49. Be6 $2 {[%mdl 8192] [#] White does not recover from this.} (49. Bg6 $17) 49... Kg2 $1 $19 {Black is clearly winning.} 50. Bf5 Bc5 51. Be6 g4 52. fxg4 f3+ 53. Kd2 f2 54. Bc4 {[#]} h4 $1 55. g5 f1=Q 56. Bxf1+ Kxf1 57. g6 Bf8 {Weighted Error Value: White=0.33/Black=0.02} 0-1